IMF Staff papers, Volume 45 No. 4.

This paper describes the issue of corruption around the world. The paper surveys and discusses issues related to the causes, consequences, and scope of corruption, and possible corrective actions. It emphasizes the costs of corruption in terms of economic growth. It also emphasizes that the fight ag...

Fuld beskrivelse

Bibliografiske detaljer
Institution som forfatter: International Monetary Fund. Research Dept
Format: Tidsskrift
Sprog:English
Udgivet: Washington, D.C. : International Monetary Fund, 1998.
Serier:IMF Staff Papers; IMF Staff Papers ; No. 1998/001
Online adgang:Full text available on IMF
LEADER 01549cas a2200241 a 4500
001 AALejournalIMF010607
008 230101c9999 xx r poo 0 0eng d
020 |c 15.00 USD 
020 |z 9781451972771 
022 |a 1020-7635 
040 |a BD-DhAAL  |c BD-DhAAL 
110 2 |a International Monetary Fund.  |b Research Dept. 
245 1 0 |a IMF Staff papers, Volume 45 No. 4. 
264 1 |a Washington, D.C. :  |b International Monetary Fund,  |c 1998. 
300 |a 1 online resource (180 pages) 
490 1 |a IMF Staff Papers 
500 |a <strong>Off-Campus Access:</strong> No User ID or Password Required 
500 |a <strong>On-Campus Access:</strong> No User ID or Password Required 
506 |a Electronic access restricted to authorized BRAC University faculty, staff and students 
520 3 |a This paper describes the issue of corruption around the world. The paper surveys and discusses issues related to the causes, consequences, and scope of corruption, and possible corrective actions. It emphasizes the costs of corruption in terms of economic growth. It also emphasizes that the fight against corruption may not be cheap and cannot be independent from the reform of the state. If certain reforms are not made, corruption is likely to continue to be a problem regardless of actions directly aimed at curtailing it. 
538 |a Mode of access: Internet 
830 0 |a IMF Staff Papers; IMF Staff Papers ;  |v No. 1998/001 
856 4 0 |z Full text available on IMF  |u http://elibrary.imf.org/view/journals/024/1998/001/024.1998.issue-001-en.xml  |z IMF e-Library